Elektrostatické generátory

Na minha lista:
Detalhes bibliográficos
Autor principal: Sečková, Slávka (Author)
Outros Autores: Kujan, Vladimír (Thesis advisor)
Formato: Manuscrito Livro
Idioma:eslovaco
Publicado em: Bratislava : STU v Bratislave FEI, 2021
Assuntos:
Acesso em linha:https://opac.crzp.sk/?fn=detailBiblioForm&sid=38F43C5054BC4F7F2EBDC7F31F28&seo=CRZP-detail-kniha
Tags: Adicionar Tag
Sem tags, seja o primeiro a adicionar uma tag!

MARC

LEADER 00000ntm a22000003a 4500
001 stuzp85970
003 SK-STU
005 20210818131256.4
007 ta
008 150427s2015----xo-----f-mn---000-0-slo-d
040 |a STU  |b slo 
041 0 |a slo 
044 |a xo 
100 1 |a Sečková, Slávka  |u 032000  |4 aut  |U FEI Fakulta elektrotechniky a informatiky  |U FEI Fakulta elektrotechniky a informatiky  |T FEI Ústav elektroenergetiky a aplikovanej elektrotechniky  |X 98073  |U E020  |Y 548  |7 98073 
242 0 1 |a Electrostatic generators  |y eng 
245 1 0 |a Elektrostatické generátory 
260 |a Bratislava :  |b STU v Bratislave FEI,  |c 2021 
300 |a 48 s. 
650 4 |a elektrostatické pole  |2 slo 
650 4 |a elektrický výboj  |2 slo 
650 4 |a trecia elektrika  |2 slo 
650 4 |a elektrostatický generátor  |2 slo 
650 4 |a Van de Graaffov generátor  |2 slo 
650 4 |a friction electrics  |2 eng 
650 4 |a electrostatic generator  |2 eng 
650 4 |a Van de Graaff generator  |2 eng 
650 4 |a electrostatic field  |2 eng 
650 4 |a electric discharge  |2 eng 
700 1 |a Kujan, Vladimír  |u 032000  |k Z8  |4 ths  |U FEI Fakulta elektrotechniky a informatiky  |U FEI Fakulta elektrotechniky a informatiky  |T FEI Ústav elektroenergetiky a aplikovanej elektrotechniky  |X 19103  |U E020  |Y 548  |7 A000019103 
856 4 |u https://opac.crzp.sk/?fn=detailBiblioForm&sid=38F43C5054BC4F7F2EBDC7F31F28&seo=CRZP-detail-kniha